| 000 | 00455nam a2200169Ia 4500 | ||
|---|---|---|---|
| 003 | LK-CoDNM | ||
| 005 | 20240920150014.0 | ||
| 008 | 010623t1937 xxu||||| |||| 00| 1 eng d | ||
| 040 |
_aLK-CoDNM _dLK-CoDNM _eLK-CoDNM |
||
| 041 | _aeng | ||
| 080 |
_a15 _bD15.4 |
||
| 100 | _aJayewardene,Lionel. | ||
| 245 | _aA Digest of Ceylon Cases Reported During the Years 1934-1936 | ||
| 260 |
_bFrewin Co. _aColombo _c1937 |
||
| 300 | _b257p. : 25 cm | ||
| 942 | _cBK | ||
| 999 |
_c98389 _d98389 |
||